Economic survey 1967-68, 1968-69 ,1986-87 and 1987-88 (Record no. 24247)

MARC details
000 -LEADER
fixed length control field 00344nam a2200121Ia 4500
082 ## - DEWEY DECIMAL CLASSIFICATION NUMBER
Classification number 33(083.4)(540)
Item number ECO
245 #0 - TITLE STATEMENT
Title Economic survey 1967-68, 1968-69 ,1986-87 and 1987-88
260 ## - PUBLICATION, DISTRIBUTION, ETC. (IMPRINT)
Place of publication Delhi
Name of publisher Ministry of Finance
Year of publication 1987
650 ## - SUBJECT ADDED ENTRY--TOPICAL TERM
Topical Term Economic survey
650 ## - SUBJECT ADDED ENTRY--TOPICAL TERM
Topical Term Fiscal policy
942 ## - ADDED ENTRY ELEMENTS (KOHA)
Koha item type Books
Holdings
Withdrawn status Lost status Damaged status Not for loan Home library Current library Date acquired Source of acquisition Full call number Accession Number Koha item type
        RRII Library RRII Library 16/12/2021 Auction 33(083.4)(540) ECO 04931 Books